[Event "ch-Nordic 2016"]
[Site "Sastamala FIN"]
[Date "2016.10.26"]
[Round "5.4"]
[White "Ochsner, Bjorn Moller"]
[Black "Blomqvist, Erik"]
[Result "0-1"]
[WhiteTitle "FM"]
[BlackTitle "GM"]
[WhiteElo "2428"]
[BlackElo "2541"]
[WhiteFideId "1416928"]
[BlackFideId "1709437"]
[EventDate "2016.10.22"]

1. d4 d5 2. c4 c6 3. Nf3 Nf6 4. e3 Bg4 5. cxd5 cxd5 6. Nc3 e6 7. Qa4+ Nbd7 8.
Ne5 a6 9. f3 Bf5 10. g4 b5 11. Qd1 Nxe5 12. gxf5 Ned7 13. fxe6 fxe6 14. Bh3 b4
15. Ne2 Ne4 16. fxe4 Qh4+ 17. Kd2 Qxh3 18. Nf4 Qh4 19. exd5 exd5 20. Qf3 Rc8 21.
Rf1 Be7 22. Qh5+ Qxh5 23. Nxh5 Rg8 24. Kd3 g6 25. Nf4 Nf6 26. Bd2 Kd7 27. Rac1
Rcf8 28. Ke2 a5 29. Nd3 Ne4 30. Ne5+ Ke6 31. Nc6 Bd6 32. Nxa5 Rxf1 33. Rxf1 Bxh2
34. Be1 Ra8 35. Rh1 Bd6 36. Nb7 Rxa2 37. Rxh7 Rxb2+ 38. Kd1 Rb1+ 39. Ke2 b3 40.
Nd8+ Kf5 41. Nf7 b2 0-1

[Event "ch-Nordic 2016"]
[Site "Sastamala FIN"]
[Date "2016.10.26"]
[Round "5.5"]
[White "Kjartansson, Gudmundur"]
[Black "Smith, Axel"]
[Result "1/2-1/2"]
[WhiteTitle "IM"]
[BlackTitle "GM"]
[WhiteElo "2427"]
[BlackElo "2506"]
[WhiteFideId "2301318"]
[BlackFideId "1707930"]
[EventDate "2016.10.22"]

1. d4 Nf6 2. c4 c5 3. d5 b5 4. cxb5 a6 5. e3 e6 6. Nc3 exd5 7. Nxd5 Bb7 8. Nxf6+
Qxf6 9. Nf3 Be7 10. bxa6 Nxa6 11. Be2 Nb4 12. O-O Nxa2 13. Qb3 Nb4 14. Rxa8+
Bxa8 15. Rd1 Bc6 16. Bd2 O-O 17. Bc3 Qe6 18. Qxe6 dxe6 19. Ne5 Ba8 20. Bxb4 cxb4
21. Bf3 g6 22. Kf1 Bxf3 23. gxf3 Rc8 24. Ke2 Rc5 25. f4 f6 26. Nf3 Kf7 27. Kd3
g5 28. fxg5 fxg5 29. h3 Bf6 30. Nd4 Bxd4 31. exd4 Rc7 32. Ra1 b3 33. Ra3 Rc2 34.
Rxb3 Rxf2 35. Ke4 Re2+ 36. Kf3 Rh2 37. Ke4 Re2+ 38. Kf3 Rh2 39. Ke4 h5 40. Rf3+
Kg6 41. b3 g4 42. hxg4 hxg4 43. Re3 Kg5 44. Ke5 Rh3 45. Re1 Rxb3 46. Kxe6 g3 47.
d5 g2 48. Rg1 Re3+ 49. Kf7 Rf3+ 50. Ke7 Re3+ 51. Kf7 Re2 52. d6 Rd2 53. Ke7 Kf4
54. d7 Kg3 55. d8=Q Rxd8 56. Kxd8 Kh2 57. Rxg2+ Kxg2 1/2-1/2

[Event "ch-Nordic 2016"]
[Site "Sastamala FIN"]
[Date "2016.10.27"]
[Round "6.1"]
[White "Salomon, Johan"]
[Black "Smith, Axel"]
[Result "0-1"]
[WhiteTitle "IM"]
[BlackTitle "GM"]
[WhiteElo "2498"]
[BlackElo "2506"]
[WhiteFideId "1509500"]
[BlackFideId "1707930"]
[EventDate "2016.10.22"]

1. Nf3 d5 2. g3 Nc6 3. d4 Bf5 4. Bg2 e6 5. O-O Be7 6. c3 Nf6 7. Nbd2 Ne4 8. Ne1
Nxd2 9. Bxd2 O-O 10. Bf4 Bd6 11. Bxd6 Qxd6 12. Nd3 b6 13. Nf4 Rad8 14. Qc1 Ne7
15. c4 dxc4 16. e4 Bg6 17. Qxc4 Qxd4 18. Qxc7 Rd7 19. Qc2 Rc8 20. Qb3 Rcd8 21.
Rac1 Qe5 22. h4 h6 23. Qb4 Bh7 24. h5 g5 25. hxg6 Nxg6 26. Ne2 Rd2 27. Nc3 Qf6
28. Rcd1 R8d4 29. Qb5 Ne5 30. Rxd2 Rxd2 31. Qe8+ Kg7 32. f4 Ng4 33. e5 Qf5 34.
Re1 Qc2 35. Qc6 Qxb2 36. Qf3 h5 37. Ne2 Rd3 38. Qa8 Qd2 39. Kf1 Qe3 0-1

[Event "ch-Nordic 2016"]
[Site "Sastamala FIN"]
[Date "2016.10.27"]
[Round "6.2"]
[White "Blomqvist, Erik"]
[Black "Kjartansson, Gudmundur"]
[Result "1-0"]
[WhiteTitle "GM"]
[BlackTitle "IM"]
[WhiteElo "2541"]
[BlackElo "2427"]
[WhiteFideId "1709437"]
[BlackFideId "2301318"]
[EventDate "2016.10.22"]

1. e4 e5 2. Nf3 Nc6 3. Nc3 Nf6 4. Bb5 Bb4 5. O-O O-O 6. d3 Bxc3 7. bxc3 d6 8.
Bg5 h6 9. Bh4 Bd7 10. Rb1 a6 11. Ba4 b5 12. Bb3 Na5 13. Re1 Bg4 14. h3 Bxf3 15.
Qxf3 g5 16. Bg3 Kg7 17. d4 Qe7 18. a4 Nxb3 19. cxb3 Rfe8 20. c4 bxc4 21. bxc4
Nd7 22. Rb7 Rac8 23. c5 dxc5 24. dxe5 Nxe5 25. Qc3 Kg8 26. f3 Qd6 27. Rc1 Qd4+
28. Qxd4 cxd4 29. Rbxc7 Rxc7 30. Rxc7 d3 31. Kf2 f5 32. Ke1 f4 33. Bf2 Rb8 34.
Bd4 Nf7 35. Kd2 Rb4 36. Kxd3 Rxa4 37. e5 g4 38. hxg4 Ng5 39. Rc6 Ra3+ 40. Kc4
Ra2 41. Rxh6 Kf7 42. Kd5 1-0

[Event "ch-Nordic 2016"]
[Site "Sastamala FIN"]
[Date "2016.10.27"]
[Round "6.3"]
[White "Percivaldi, Martin"]
[Black "Ochsner, Bjorn Moller"]
[Result "1-0"]
[WhiteTitle "FM"]
[BlackTitle "FM"]
[WhiteElo "2373"]
[BlackElo "2428"]
[WhiteFideId "1508148"]
[BlackFideId "1416928"]
[EventDate "2016.10.22"]

1. d4 Nf6 2. c4 e6 3. Nf3 d5 4. g3 Bb4+ 5. Bd2 Be7 6. Bg2 O-O 7. O-O Nbd7 8. Qc2
Ne4 9. Nc3 Nxd2 10. Nxd2 c6 11. e4 dxc4 12. Nxc4 Nb6 13. Nxb6 Qxb6 14. Rad1 e5
15. Na4 Qc7 16. dxe5 Qxe5 17. f4 Qa5 18. a3 b5 19. Nc5 b4 20. axb4 Qxb4 21. Nd3
Qb6+ 22. Kh1 Ba6 23. e5 Rad8 24. Rfe1 Rd4 25. e6 f6 26. Be4 f5 27. Bf3 Bd6 28.
Ne5 Rxd1 29. Rxd1 Bxe5 30. fxe5 Qe3 31. Qxc6 Bb5 32. Qd5 Rc8 33. e7+ Kh8 34.
Qd8+ Be8 35. Bb7 Qb3 36. Bg2 Qc4 37. h3 h5 38. Qd5 Qxd5 39. Rxd5 Kg8 40. e6 Rc7
41. Rd7 1-0

[Event "ch-Nordic 2016"]
[Site "Sastamala FIN"]
[Date "2016.10.27"]
[Round "6.4"]
[White "Hammer, Jon Ludvig"]
[Black "Jensson, Einar Hjalti"]
[Result "1-0"]
[WhiteTitle "GM"]
[BlackTitle "IM"]
[WhiteElo "2628"]
[BlackElo "2378"]
[WhiteFideId "1503707"]
[BlackFideId "2301067"]
[EventDate "2016.10.22"]

1. c4 Nf6 2. Nf3 e6 3. g3 d5 4. d4 dxc4 5. Bg2 a6 6. O-O Nc6 7. e3 Bd7 8. Qe2 b5
9. b3 cxb3 10. axb3 Be7 11. Bb2 O-O 12. Rc1 Nd5 13. Nc3 Nxc3 14. Bxc3 Ra7 15.
Qb2 b4 16. Bd2 a5 17. Ne1 Ra6 18. Nd3 Qb8 19. Nc5 Bxc5 20. Rxc5 Rc8 21. Qc2 Qb6
22. Rc1 Nb8 23. Rxc7 Rxc7 24. Qxc7 h6 25. Be4 Kf8 26. Qf4 Qd6 27. Qh4 Bc6 28.
Rc5 f5 29. Bd3 Ra8 30. Bc4 Nd7 31. Rxa5 Nb6 32. Rxa8+ Bxa8 33. Be2 Kg8 34. f3
Nd5 35. Kf2 Kh7 36. Qh3 Nc3 37. Bc4 Bd5 38. Qf1 Qc6 39. Bxd5 exd5 40. Qd3 g6 41.
Ke1 Na2 42. Kd1 Kg8 43. e4 fxe4 44. fxe4 dxe4 45. d5 Qc5 46. Qxe4 Kh7 47. d6
Nc3+ 48. Bxc3 bxc3 49. Qe7+ Kg8 50. Qd8+ 1-0

[Event "ch-Nordic 2016"]
[Site "Sastamala FIN"]
[Date "2016.10.27"]
[Round "6.5"]
[White "Karttunen, Mika"]
[Black "Sipila, Vilka"]
[Result "1-0"]
[WhiteTitle "IM"]
[BlackTitle "IM"]
[WhiteElo "2450"]
[BlackElo "2417"]
[WhiteFideId "502081"]
[BlackFideId "505455"]
[EventDate "2016.10.22"]

1. Nf3 Nf6 2. g3 d6 3. d4 Nbd7 4. Bg2 e5 5. O-O Be7 6. c4 O-O 7. Nc3 Re8 8. d5
c6 9. Ne1 cxd5 10. cxd5 Nc5 11. b4 Na6 12. Qb3 Nh5 13. Nd3 f5 14. Nxe5 dxe5 15.
d6+ Kh8 16. dxe7 Qxe7 17. Nd5 Qf7 18. b5 Nc7 19. Nxc7 Qxc7 20. Bb2 Nf6 21. Rfc1
Qb6 22. a4 Ne4 23. Bxe4 fxe4 24. Qd5 Bf5 25. Bxe5 Qe6 26. Qxe6 Rxe6 27. Bd4 Re7
28. Kg2 Kg8 29. h3 h5 30. Rc5 g6 31. Rac1 Kf7 32. Rc7 b6 33. R7c6 Re6 34. Be3
Rxc6 35. bxc6 Rc8 36. Bf4 Be6 37. c7 Bb3 38. a5 bxa5 39. Rc5 a4 40. Ra5 Ke7 41.
Kf1 Kd7 42. Ke1 Kc6 43. Kd2 Kb6 44. Rg5 Bf7 45. Kc3 a3 46. h4 a6 47. g4 hxg4 48.
Rxg4 Kb7 49. Be5 Re8 50. Rxe4 a5 51. f4 a2 52. Ra4 Kb6 53. Kb2 Kb7 54. Rxa5 Kc6
55. Ra6+ Kd7 56. Rd6+ Kc8 57. Rf6 Re7 58. Rb6 Rd7 59. Rb8# 1-0

[Event "ch-Nordic 2016"]
[Site "Sastamala FIN"]
[Date "2016.10.28"]
[Round "7.1"]
[White "Sipila, Vilka"]
[Black "Salomon, Johan"]
[Result "1-0"]
[WhiteTitle "IM"]
[BlackTitle "IM"]
[WhiteElo "2417"]
[BlackElo "2498"]
[WhiteFideId "505455"]
[BlackFideId "1509500"]
[EventDate "2016.10.22"]

1. Nc3 d5 2. e4 d4 3. Nce2 e5 4. f4 Nc6 5. d3 Nf6 6. Nf3 Ng4 7. c3 f5 8. h3 Ne3
9. Bxe3 dxe3 10. fxe5 fxe4 11. dxe4 Qe7 12. Qd3 Nxe5 13. Qxe3 Nc4 14. Qd3 Be6
15. O-O-O c6 16. b4 a5 17. Nf4 Bg8 18. Qd4 b5 19. Bxc4 Bxc4 20. Ne5 axb4 21.
Nxc4 bxc4 22. Qxc4 Qc5 23. Qe6+ Be7 24. Qd7+ Kf7 25. Rhf1 Qxc3+ 26. Kb1 Qc4 27.
Nd5+ Kg6 28. Nxe7+ Kh6 29. Nf5+ 1-0

[Event "ch-Nordic 2016"]
[Site "Sastamala FIN"]
[Date "2016.10.28"]
[Round "7.2"]
[White "Jensson, Einar Hjalti"]
[Black "Karttunen, Mika"]
[Result "1-0"]
[WhiteTitle "IM"]
[BlackTitle "IM"]
[WhiteElo "2378"]
[BlackElo "2450"]
[WhiteFideId "2301067"]
[BlackFideId "502081"]
[EventDate "2016.10.22"]

1. d4 Nf6 2. c4 e6 3. Nf3 Bb4+ 4. Nbd2 b6 5. a3 Bxd2+ 6. Qxd2 Bb7 7. e3 d6 8. b4
Nbd7 9. Bb2 O-O 10. Be2 Qe7 11. O-O Ne4 12. Qc2 Ng5 13. Nd2 f5 14. f3 c5 15. Bd3
Nf6 16. Nb3 cxd4 17. exd4 Nh5 18. Rae1 Nf4 19. Bxf5 Qf7 20. Be4 Nxe4 21. fxe4
Qg6 22. Rf3 Bxe4 23. Rxe4 d5 24. Bc1 dxe4 25. Rxf4 Rxf4 26. Bxf4 Rf8 27. Be3 Qg4
28. Nc1 Rf3 29. Qe2 h5 30. Nb3 Qg6 31. Nd2 Rf8 32. Bf2 Rf4 33. h3 h4 34. Be3 Rf5
35. Qg4 Qe8 36. Qxe4 Qc8 37. Qxh4 a5 38. Qe4 b5 39. c5 axb4 40. axb4 Qa6 41. Nf3
Qa1+ 42. Kh2 Qa2 43. Bf4 Kf7 44. c6 Ke7 45. Ne5 g5 46. Bxg5+ Kd6 47. Bf4 Ke7 48.
c7 Qa6 49. Nc6+ Kf6 50. Nd8 1-0

[Event "ch-Nordic 2016"]
[Site "Sastamala FIN"]
[Date "2016.10.28"]
[Round "7.3"]
[White "Ochsner, Bjorn Moller"]
[Black "Hammer, Jon Ludvig"]
[Result "1/2-1/2"]
[WhiteTitle "FM"]
[BlackTitle "GM"]
[WhiteElo "2428"]
[BlackElo "2628"]
[WhiteFideId "1416928"]
[BlackFideId "1503707"]
[EventDate "2016.10.22"]

1. e4 c6 2. d4 d5 3. Nc3 dxe4 4. Nxe4 Bf5 5. Ng3 Bg6 6. h4 h6 7. Nf3 e6 8. Ne5
Bh7 9. Bd3 Bxd3 10. Qxd3 Nd7 11. Bf4 Qa5+ 12. c3 Nxe5 13. Bxe5 Nf6 14. Ne4 Nxe4
15. Qxe4 Qd5 16. Qxd5 exd5 17. h5 f6 18. Bf4 Kf7 19. Ke2 Be7 20. Rhe1 Rhe8 21.
Kf3 Bf8 22. Kg4 g6 23. hxg6+ Kxg6 24. Kf3 h5 25. Bd2 f5 26. Rxe8 Rxe8 27. a4 Bd6
28. b4 Bb8 29. Rb1 b5 30. axb5 cxb5 31. Ra1 Re6 32. Ra5 a6 33. Ra1 1/2-1/2

[Event "ch-Nordic 2016"]
[Site "Sastamala FIN"]
[Date "2016.10.28"]
[Round "7.4"]
[White "Kjartansson, Gudmundur"]
[Black "Percivaldi, Martin"]
[Result "1/2-1/2"]
[WhiteTitle "IM"]
[BlackTitle "FM"]
[WhiteElo "2427"]
[BlackElo "2373"]
[WhiteFideId "2301318"]
[BlackFideId "1508148"]
[EventDate "2016.10.22"]

1. Nf3 d5 2. d4 Nf6 3. c4 c6 4. Nc3 a6 5. c5 Nbd7 6. Bf4 Nh5 7. Bd2 Nhf6 8. Qc2
g6 9. Bg5 Bg7 10. e3 O-O 11. Bd3 Re8 12. O-O e5 13. Be2 h6 14. Bh4 exd4 15. exd4
Nf8 16. Bd3 Ne6 17. Na4 Nf4 18. Nb6 Ra7 19. Rae1 Nxd3 20. Qxd3 Bf5 21. Qd1 Rxe1
22. Rxe1 g5 23. Bg3 Nd7 24. Qe2 Be6 25. Nxd7 Bxd7 26. h4 Ra8 27. hxg5 hxg5 28.
Be5 f6 29. Bd6 Qe8 30. Qd3 Be6 31. Qe2 Kf7 32. Nd2 Qd7 33. Qh5+ Kg8 34. Nf1 Bf7
35. Qf3 Re8 36. Rxe8+ Bxe8 37. g4 Bg6 38. Ng3 b5 39. Nf5 Bxf5 40. Qxf5 Qxf5 41.
gxf5 Bf8 42. Bc7 Bh6 43. f3 Kf7 44. Kg2 Bf8 45. Kg3 Be7 46. Kg4 Kg7 47. Kh5 Kh7
48. Bb6 Kg7 49. Bc7 Kh7 50. Bb6 Kg7 1/2-1/2

[Event "ch-Nordic 2016"]
[Site "Sastamala FIN"]
[Date "2016.10.28"]
[Round "7.5"]
[White "Smith, Axel"]
[Black "Blomqvist, Erik"]
[Result "0-1"]
[WhiteTitle "GM"]
[BlackTitle "GM"]
[WhiteElo "2506"]
[BlackElo "2541"]
[WhiteFideId "1707930"]
[BlackFideId "1709437"]
[EventDate "2016.10.22"]

1. d4 d5 2. c4 c6 3. Nc3 Nf6 4. e3 e6 5. Nf3 Nbd7 6. Bd2 Bd6 7. Bd3 O-O 8. O-O
dxc4 9. Bxc4 e5 10. Qc2 h6 11. Rae1 Re8 12. Bd3 Qe7 13. dxe5 Nxe5 14. Nxe5 Qxe5
15. f4 Qh5 16. h3 Qh4 17. Re2 Be6 18. Be1 Qh5 19. e4 Bc5+ 20. Bf2 Bxf2+ 21.
Rfxf2 Rad8 22. f5 Bc8 23. e5 Nd7 24. e6 Nf6 25. exf7+ Qxf7 26. Rxe8+ Qxe8 27.
Ne4 Nxe4 28. Bxe4 Qe5 29. Bd3 Kf8 30. Bf1 Rd6 31. Kh1 Bd7 32. Kg1 c5 33. a4 Qd4
34. b3 Bc6 35. Qe2 Be4 36. Kh2 Bd5 37. Kg1 Bxb3 38. Qb5 Bd5 39. a5 Bc6 40. Qe2
a6 41. Qa2 Bb5 42. Kh2 Qe5+ 43. g3 Bc6 44. Qa3 Qd4 45. Rb2 Ke8 46. Bg2 Bxg2 47.
Rxg2 Kd7 48. Rc2 Qb4 49. Qa2 Kc7 50. Rb2 Qd4 51. Qb3 Qd5 52. Qc3 Rd7 53. f6 gxf6
54. Qxf6 Qd6 55. Qc3 Qd4 56. Qb3 Kb8 57. Rc2 Rc7 58. Qe6 Rc6 59. Qe2 c4 60. h4
c3 61. Kg2 Qd5+ 62. Qf3 Qxa5 63. g4 Qc5 64. Qg3+ Ka7 65. Kh3 b5 66. Qf4 b4 67.
g5 hxg5 68. hxg5 Rc7 69. Kg4 b3 70. Re2 c2 71. Re1 b2 72. g6 c1=Q 73. g7 Rxg7+
74. Kf3 Qxf4+ 75. Kxf4 Qf2+ 0-1

[Event "ch-Nordic 2016"]
[Site "Sastamala FIN"]
[Date "2016.10.29"]
[Round "8.1"]
[White "Salomon, Johan"]
[Black "Blomqvist, Erik"]
[Result "1/2-1/2"]
[WhiteTitle "IM"]
[BlackTitle "GM"]
[WhiteElo "2498"]
[BlackElo "2541"]
[WhiteFideId "1509500"]
[BlackFideId "1709437"]
[EventDate "2016.10.22"]

1. d4 d5 2. Bf4 Bf5 3. e3 e6 4. Bd3 Bxd3 5. Qxd3 c6 6. Nf3 Nf6 7. Nbd2 Be7 8.
O-O O-O 9. h3 Nbd7 10. a4 a5 11. Qb3 Qb6 12. Qxb6 Nxb6 13. Ne5 Ne4 14. Nb3 Nc4
15. Nd3 b6 16. Nbc1 Rfc8 17. Ne2 g5 18. Bh2 Ra7 19. Rfc1 Bd6 20. Bxd6 Ncxd6 21.
f3 Nf6 22. Ne5 Nd7 23. b3 Nxe5 24. dxe5 Nf5 25. Kf2 Kg7 26. g4 Ne7 27. f4 c5 28.
Rd1 Rd7 29. c3 Ng6 30. Rab1 Kf8 31. Rb2 Ke7 32. Rbd2 c4 33. bxc4 Rxc4 34. Rd4
Rdc7 35. Rb1 R7c6 36. Kf3 h6 37. Rxc4 Rxc4 38. Rxb6 Rxa4 39. Rb7+ Kf8 40. Rb8+
Ke7 41. Rb7+ Kf8 42. Rb8+ Ke7 43. Rb7+ 1/2-1/2

[Event "ch-Nordic 2016"]
[Site "Sastamala FIN"]
[Date "2016.10.29"]
[Round "8.2"]
[White "Percivaldi, Martin"]
[Black "Smith, Axel"]
[Result "1/2-1/2"]
[WhiteTitle "FM"]
[BlackTitle "GM"]
[WhiteElo "2373"]
[BlackElo "2506"]
[WhiteFideId "1508148"]
[BlackFideId "1707930"]
[EventDate "2016.10.22"]

1. Nf3 g6 2. c4 Bg7 3. d4 Nf6 4. g3 O-O 5. Bg2 c5 6. Nc3 cxd4 7. Nxd4 Nc6 8. O-O
Ng4 9. e3 d6 10. h3 Nge5 11. b3 Qa5 12. Bb2 Nxd4 13. exd4 Nc6 14. Ne2 Qh5 15.
Nf4 Qxd1 16. Raxd1 Rb8 17. Rfe1 Re8 18. Nd5 Bd7 19. Re2 Rbc8 20. Red2 b6 21. f4
Nb8 22. a4 Bc6 23. Kf2 Nd7 24. Bf3 Nf6 25. Nxf6+ Bxf6 26. Bxc6 Rxc6 27. d5 Rc7
28. Bxf6 exf6 29. Re1 Rec8 30. Ke2 a6 31. Kd3 b5 32. axb5 axb5 33. Rc2 bxc4+ 34.
Rxc4 Rxc4 35. bxc4 Kf8 36. Ra1 Rc7 37. Kd4 h5 38. h4 Rb7 39. Rc1 Ke7 40. c5
dxc5+ 41. Rxc5 Ra7 42. Rb5 Ra3 43. Rb7+ Kd6 44. Rxf7 Ra4+ 45. Ke3 Ra3+ 46. Kf2
Ra2+ 47. Kf3 Ra3+ 48. Kg2 Ra2+ 49. Kh3 f5 50. Rf6+ Kxd5 51. Rxg6 Ke4 52. Rb6 1/2-1/2

[Event "ch-Nordic 2016"]
[Site "Sastamala FIN"]
[Date "2016.10.29"]
[Round "8.3"]
[White "Hammer, Jon Ludvig"]
[Black "Kjartansson, Gudmundur"]
[Result "1/2-1/2"]
[WhiteTitle "GM"]
[BlackTitle "IM"]
[WhiteElo "2628"]
[BlackElo "2427"]
[WhiteFideId "1503707"]
[BlackFideId "2301318"]
[EventDate "2016.10.22"]

1. d4 d5 2. Bf4 Nf6 3. e3 e6 4. Nf3 Bd6 5. Bg3 O-O 6. Nbd2 c5 7. c3 Nc6 8. Bb5
Bxg3 9. hxg3 Qb6 10. Qa4 cxd4 11. cxd4 Bd7 12. O-O Rfc8 13. Rfc1 Ne8 14. Bf1 Ne5
15. Qa3 Nxf3+ 16. Nxf3 Nd6 17. Bd3 Bb5 18. Bxb5 Nxb5 19. Qe7 Rc7 20. Rxc7 Qxc7
21. Qxc7 Nxc7 22. Rc1 Ne8 23. Ne5 Kf8 24. g4 f6 25. Nf3 h6 26. Ne1 Ke7 27. Nd3
Rd8 28. a4 Nd6 29. Rc7+ Rd7 30. Rc2 Rd8 31. Rc7+ Rd7 32. Rc2 Rd8 33. Rc7+ 1/2-1/2

[Event "ch-Nordic 2016"]
[Site "Sastamala FIN"]
[Date "2016.10.29"]
[Round "8.4"]
[White "Karttunen, Mika"]
[Black "Ochsner, Bjorn Moller"]
[Result "1/2-1/2"]
[WhiteTitle "IM"]
[BlackTitle "FM"]
[WhiteElo "2450"]
[BlackElo "2428"]
[WhiteFideId "502081"]
[BlackFideId "1416928"]
[EventDate "2016.10.22"]

1. d4 Nf6 2. c4 e6 3. g3 d5 4. Nf3 Be7 5. Bg2 O-O 6. O-O dxc4 7. Ne5 Nc6 8. Nxc6
bxc6 9. Na3 Bxa3 10. bxa3 Ba6 11. Qd2 c3 12. Qxc3 Bxe2 13. Re1 Bb5 14. a4 Bxa4
15. Qb4 Bb5 16. a4 Ba6 17. Ba3 Re8 18. Bxc6 Nd7 19. Qa5 Bd3 20. Re3 Bf5 21. Bxa8
Qxa8 22. Rae1 Nf6 23. f3 Rb8 24. Bc5 a6 25. Qd2 h5 26. Rc3 Nd5 27. Ra3 Qb7 28.
Kg2 Bg6 29. Kf2 Kh7 30. h3 Kg8 31. Rc1 Kh7 32. Ra2 Bb1 33. Ra1 Bg6 34. Ba3 Qb3
35. Ra2 Qxa4 36. Bc5 Qb5 37. Rca1 Nb4 38. Bxb4 Qxb4 39. Qxb4 Rxb4 40. Rd2 Rb6
41. Rc1 c6 42. h4 Kg8 43. Rc3 Kf8 44. Ra2 Ke7 45. Rca3 Rb4 46. Ke3 Kd6 47. Rxa6
Rb3+ 48. Kf4 Rb4 49. Ke3 Rb3+ 50. Kf2 Rd3 51. R2a4 Rc3 52. Ra8 Ke7 53. R8a7+ Kf6
54. R4a5 Bc2 55. Rc7 Bb3 56. Ra3 e5 57. dxe5+ Kxe5 58. Re7+ Kf6 59. Re2 Rd3 60.
Rb2 Bc4 61. Rxd3 Bxd3 62. Rb6 Bb5 63. Rb7 Bc4 64. Ke3 Bd5 65. Kf4 g6 66. g4 hxg4
67. fxg4 Kg7 68. Rc7 Kh6 69. Rc8 Kg7 70. Kg5 Be4 71. Rc7 Bd5 72. Rd7 Be6 73. Rc7
Bd5 74. Kf4 Bg2 75. Rd7 Bd5 76. Rd6 Bg2 77. Rd2 Bd5 78. Ke5 Bf3 79. Rd4 Bd5 80.
Kd6 Kf6 81. Ra4 Kg7 82. Ke7 Be6 83. Kd6 Bd5 84. Ra8 Bf3 85. Ra4 Bd5 86. Ke5 Be6
87. Kf4 Bd5 88. Ra5 Be6 89. Rg5 Kh6 90. Ke5 Kg7 91. Kd6 Bd5 92. Re5 Bf3 93. g5
Bd5 94. Re3 Bg2 95. Rc3 Bd5 96. Ke5 Bg2 97. Rg3 Bd5 98. Rg1 Bf3 99. Kf4 Bd5 100.
Rc1 Bg2 101. Re1 Bd5 102. Re7 Be6 103. Rc7 Bd5 104. Kg3 Be4 105. Kf4 Bd5 106.
Ke5 Bf3 107. Kd6 Be4 108. Ke7 Bf3 109. Ra7 Bd5 110. Ra4 Be6 111. Ra5 Bd5 112.
Rc5 Be4 113. Rc1 Bd5 114. Rf1 Be6 115. Rf2 Bc4 116. Rf4 Be6 117. Rf6 Bd5 118.
Rd6 Be4 119. Rd2 Bd5 120. Rc2 Be4 121. Rf2 Bd5 122. Rf6 Kg8 123. Kd6 Kg7 124.
Rf2 Be4 125. Ke5 Bd5 126. Rf4 Be6 127. Rf6 Bd5 128. Rd6 Bg2 129. Kf4 Bd5 130.
Kg3 Be4 131. Rd4 Bd5 132. Rf4 Be6 133. Rf6 Bd5 134. Kg4 Be6+ 135. Kf4 Bd5 136.
Rd6 Bg2 137. Rd2 Bd5 138. Rh2 Be6 139. Ke5 Bd5 140. Rf2 Be6 141. Rf6 Bd5 142. h5
gxh5 143. Rh6 Ba2 144. Rxc6 Bb1 145. Rf6 Bg6 146. Rf4 h4 147. Rxh4 Bc2 148. Rh6
Bg6 149. Rh2 Bd3 150. Rd2 Bg6 151. Rf2 Bh5 152. Rf6 Bg6 153. Kd6 Bh5 154. Ke7
Bg6 155. Rxf7+ Bxf7 156. g6 Bxg6 1/2-1/2

[Event "ch-Nordic 2016"]
[Site "Sastamala FIN"]
[Date "2016.10.29"]
[Round "8.5"]
[White "Sipila, Vilka"]
[Black "Jensson, Einar Hjalti"]
[Result "0-1"]
[WhiteTitle "IM"]
[BlackTitle "IM"]
[WhiteElo "2417"]
[BlackElo "2378"]
[WhiteFideId "505455"]
[BlackFideId "2301067"]
[EventDate "2016.10.22"]

1. d4 d5 2. Bf4 Nf6 3. e3 e6 4. Nd2 c5 5. c3 Nc6 6. Ngf3 Be7 7. Bd3 c4 8. Bc2 b5
9. e4 b4 10. Ba4 Bb7 11. O-O O-O 12. Re1 Qa5 13. Bg5 h6 14. Bh4 Bd8 15. exd5
exd5 16. Qc2 Rb8 17. h3 Nd7 18. Bg3 Bc7 19. Nxc4 dxc4 20. d5 Bxg3 21. Bxc6 Bc7
22. Bxd7 Bxd5 23. Nd4 bxc3 24. bxc3 Qa3 25. Nf5 Ba8 26. Qd2 Qc5 27. Qe2 Kh7 28.
Rad1 Rbd8 29. Rd4 g6 30. Ne3 Qe5 31. f4 Qe7 32. Nxc4 Qxe2 33. Rxe2 Bxf4 34. Rxf4
Rxd7 35. Nd2 Kg7 36. c4 Rfd8 37. Nb3 Rc7 38. Rc2 f5 39. Nd4 Kf6 40. Nb5 Rd1+ 41.
Rf1 Rcd7 42. Rxd1 Rxd1+ 43. Kf2 Be4 44. Rb2 Rc1 45. Nxa7 Rxc4 46. Nb5 Ke5 47.
Rd2 Rc5 48. Nd4 Ra5 49. Nf3+ Ke6 50. Rb2 Kf6 51. Nd4 Bd5 52. Nb3 Ra3 53. h4 Ra4
54. g3 Rc4 55. Rd2 Be4 56. Rd6+ Kf7 57. h5 Rc2+ 58. Ke3 Rc3+ 59. Kf4 Rf3+ 60.
Ke5 Rxg3 61. Nd4 Bb1 62. Rd7+ Ke8 63. Ra7 gxh5 64. Ne6 f4 65. a4 h4 66. Kxf4 Rg1
67. Rb7 Bc2 68. Rb2 Rg2 69. Ng7+ Kd7 70. Nf5 h3 71. Ng3 h2 72. Nh1 h5 73. a5 Be4
74. Rb4 Rg4+ 75. Ke5 Bxh1 0-1

[Event "ch-Nordic 2016"]
[Site "Sastamala FIN"]
[Date "2016.10.30"]
[Round "9.1"]
[White "Jensson, Einar Hjalti"]
[Black "Salomon, Johan"]
[Result "1-0"]
[WhiteTitle "IM"]
[BlackTitle "IM"]
[WhiteElo "2378"]
[BlackElo "2498"]
[WhiteFideId "2301067"]
[BlackFideId "1509500"]
[EventDate "2016.10.22"]

1. d4 Nf6 2. c4 e6 3. Nf3 d5 4. Nc3 c5 5. cxd5 Nxd5 6. e4 Nxc3 7. bxc3 cxd4 8.
cxd4 Bb4+ 9. Bd2 Bxd2+ 10. Qxd2 O-O 11. Be2 b6 12. O-O Bb7 13. Qf4 Nd7 14. Rac1
Rc8 15. Bd3 h6 16. Rxc8 Qxc8 17. Rc1 Qa8 18. Rc7 Nf6 19. d5 exd5 20. e5 Ne8 21.
Re7 Qc8 22. h3 Ba6 23. Bf5 Qc4 24. Nd4 g5 25. Qe3 Ng7 26. e6 fxe6 27. Bxe6+ Kh8
28. Nf5 d4 29. Qe5 Qc1+ 30. Kh2 Qf4+ 31. Qxf4 gxf4 32. Nxg7 d3 33. Bb3 d2 34.
Ne6 1-0

[Event "ch-Nordic 2016"]
[Site "Sastamala FIN"]
[Date "2016.10.30"]
[Round "9.2"]
[White "Ochsner, Bjorn Moller"]
[Black "Sipila, Vilka"]
[Result "1-0"]
[WhiteTitle "FM"]
[BlackTitle "IM"]
[WhiteElo "2428"]
[BlackElo "2417"]
[WhiteFideId "1416928"]
[BlackFideId "505455"]
[EventDate "2016.10.22"]

1. e4 c5 2. Nf3 Nc6 3. Bb5 Qb6 4. Nc3 e6 5. Bxc6 Qxc6 6. O-O a6 7. d4 cxd4 8.
Nxd4 Qc7 9. Re1 Bc5 10. Nb3 Bd6 11. f4 Bxf4 12. Bxf4 Qxf4 13. Qd4 Nf6 14. Rf1
Qg4 15. h3 Qh4 16. Qd6 Nxe4 17. Qd4 f5 18. Nxe4 Qxe4 19. Qxg7 Rf8 20. Qxh7 Qe3+
21. Kh1 Qg5 22. Rae1 d6 23. Na5 Rg8 24. Re2 Rg7 25. Qh8+ Kd7 26. Nc4 Kc7 27. Qf8
Qe7 28. Rxf5 b5 29. Qxe7+ Rxe7 30. Ne3 Rg7 31. Rf8 d5 32. Kh2 a5 33. g4 Ra6 34.
Kg3 Rd6 35. Ng2 Re7 36. g5 e5 37. h4 d4 38. h5 e4 39. g6 b4 40. Rf7 Rdd7 41.
Rxe7 Rxe7 42. h6 Bf5 43. h7 Re8 44. Nh4 d3 45. cxd3 exd3 46. Rxe8 d2 47. h8=Q
d1=Q 48. Qe5+ Kd7 49. Re7+ Kd8 50. Qc7# 1-0

[Event "ch-Nordic 2016"]
[Site "Sastamala FIN"]
[Date "2016.10.30"]
[Round "9.3"]
[White "Kjartansson, Gudmundur"]
[Black "Karttunen, Mika"]
[Result "1-0"]
[WhiteTitle "IM"]
[BlackTitle "IM"]
[WhiteElo "2427"]
[BlackElo "2450"]
[WhiteFideId "2301318"]
[BlackFideId "502081"]
[EventDate "2016.10.22"]

1. Nf3 Nf6 2. c4 c6 3. d4 d5 4. e3 Bf5 5. Nc3 e6 6. Nh4 Be4 7. f3 Bg6 8. Qb3 Qc7
9. Bd2 Be7 10. Nxg6 hxg6 11. g3 Nbd7 12. Kf2 Bd6 13. Be2 g5 14. Kg2 dxc4 15.
Qxc4 e5 16. Rac1 a6 17. d5 c5 18. e4 b5 19. Qd3 c4 20. Qc2 Nh7 21. h4 gxh4 22.
Rxh4 Kf8 23. Rch1 Kg8 24. Nd1 Rc8 25. Ne3 Ndf8 26. Nf5 Ng6 27. R4h3 Bf8 28. a4
Nf6 29. Rxh8+ Nxh8 30. Rc1 Ne8 31. axb5 axb5 32. b3 g6 33. Ne3 Bc5 34. bxc4 b4
35. Qb3 Rb8 36. Nc2 Qe7 37. Ne1 f5 38. Nd3 Nf7 39. Nxc5 Qxc5 40. Be3 Qa5 41. c5
Nf6 42. d6 fxe4 43. c6 Kg7 44. c7 Rc8 45. Qe6 exf3+ 46. Bxf3 Qa6 47. Rc6 Qd3 48.
Qxf6+ Kxf6 49. d7+ Kg7 50. dxc8=Q Qxe3 51. Rxg6+ 1-0